000
00319nam a22001457a 4500
003
SGT
082
_a
512.55,SIN
100
_a
SINGH,BHUPENDRA
245
_a
LINEAR ALGEBRA AND MATRICES
250
_a
1ST
260
_a
MEERUT
_b
PRAGATI PRAKASHAN
_c
2015
300
_a
486
650
_a
MATHEMATICS
942
_2
ddc
_c
FPS
_0
21
999
_c
10050
_d
10050